|
|
|
|
| LEADER |
00000nas a2200000 a 4500 |
| 001 |
ssj0000546631 |
| 003 |
WaSeSS |
| 005 |
20200512172242.0 |
| 006 |
m d |
| 007 |
cr n |
| 008 |
011003c20019999ii fr p s b 0 0eng |
| 010 |
|
|
|a 2001358467
|
| 022 |
|
|
|l 0972-558X
|y 0972-558X
|
| 025 |
|
|
|a I-E-E-2001-358467; 68-90
|
| 035 |
|
|
|a (WaSeSS)ssj0000546631
|
| 037 |
|
|
|b Serials Publications, 4, B.S.S. Hall, Khyber Pass Market, Civil Lines, Delhi 110054 India
|
| 040 |
|
|
|a DLC
|b eng
|c DLC
|d CLU
|d EYM
|d DLC
|d HUL
|d OCLCQ
|d OCLCF
|d OCLCO
|d DLC
|d WAU
|d OCLCO
|d CUS
|d WaSeSS
|
| 042 |
|
|
|a pcc
|
| 043 |
|
|
|a a-ii---
|
| 050 |
0 |
0 |
|a GN301
|b .O74
|
| 210 |
1 |
|
|a Orient. anthropol.
|
| 222 |
|
0 |
|a The oriental anthropologist
|
| 245 |
0 |
4 |
|a The oriental anthropologist
|h [electronic resource] :
|b a bi-annual international journal of the science of man.
|
| 246 |
1 |
3 |
|a OA
|
| 260 |
|
|
|a Allahabad :
|b Oriental Institute of Cultural and Social Research,
|c 2001-
|
| 260 |
3 |
|
|3 <2013->
|a New Delhi :
|b MD Publications
|
| 310 |
|
|
|a Semiannual
|
| 362 |
0 |
|
|a Vol. 1, no. 1 (Jan. 2001)-
|
| 500 |
|
|
|a Title from cover.
|
| 500 |
|
|
|a Some issues have distinct titles.
|
| 500 |
|
|
|a Published: Delhi, India : Serials Publications, July 2001-
|
| 506 |
|
|
|a License restrictions may limit access.
|
| 588 |
|
|
|a Latest issue consulted: Vol. 14, no. 1 (Jan./June 2014).
|
| 650 |
|
0 |
|a Ethnology
|v Periodicals.
|
| 650 |
|
0 |
|a Ethnology
|z India
|v Periodicals.
|
| 650 |
|
7 |
|a Ethnology.
|2 fast
|0 (OCoLC)fst00916106
|
| 651 |
|
7 |
|a India.
|2 fast
|0 (OCoLC)fst01210276
|
| 655 |
|
0 |
|a Electronic journals.
|
| 710 |
2 |
|
|a Oriental Institute of Cultural and Social Research (Allahabad, India)
|
| 776 |
0 |
8 |
|i Online resource:
|t Oriental anthropologist
|x 0976-3430
|w (DLC) 2001358467
|w (OCoLC)608589073
|
| 856 |
4 |
0 |
|z Full text available from Research Library: 07/01/2010 to 07/31/2018
|u https://search.proquest.com/publication/506328
|